| 000 | 00775cam a2200217 i 4500 | ||
|---|---|---|---|
| 001 | 18722272 | ||
| 005 | 20170809110024.0 | ||
| 008 | 150729s2016 ilua b 001 0 eng c | ||
| 020 | _a9780226346038 (cloth : alk. paper) | ||
| 040 | _cPK-LaUMT | ||
| 082 | 0 | 0 |
_a711.480904 _223 _bWAK-P |
| 100 | 1 | _aWakeman, Rosemary | |
| 245 | 1 | 0 |
_aPracticing utopia : _ban intellectual history of the new town movement / _cRosemary Wakeman |
| 260 |
_aChicago : _bThe University of Chicago Press, _c2016 |
||
| 300 |
_axiv, 376 p. : _bblack and white illustrations, plans ; _c24 cm |
||
| 650 | 0 |
_aNew towns _xHistory _y20th century. |
|
| 650 | 0 |
_aNew towns _xPhilosophy. |
|
| 650 | 0 |
_aCity planning _xHistory _y20th century. |
|
| 650 | 0 |
_aRegional planning _xHistory _y20th century. |
|
| 942 | _cBK | ||
| 999 |
_c96778 _d96778 |
||